[Event "53rd Hastings it"]
[Site "Hastings ENG"]
[Date "1977.12.28"]
[Round "1"]
[White "Botterill, George Steven"]
[WhiteElo "2440"]
[Black "Kagan, Shimon"]
[BlackTitle "IM"]
[BlackElo "2350"]
[Result "1-0"]
[PlyCount "80"]
[EventDate "1977.12.28"]

1. d4 g6 2. e4 Bg7 3. Nc3 d6 4. Nf3 c6 5. Be2 b5 6. O-O Nd7 7. a3 Bb7 8. Re1 a6 9. Bf1 e5 10. d5 c5 11. a4 b4 12. Nb1 Ngf6 13. a5 O-O 14. c3 bxc3 15. Nxc3 Ne8 16. Nd2 f5 17. Nc4 Rb8 18. Ra3 fxe4 19. Nxe4 Ndf6 20. Bg5 Qc7 21. Nxf6+ Bxf6 22. Bxf6 Nxf6 23. Nb6 Nd7 24. Rb3 Nxb6 25. Rxb6 c4 26. Qd2 Qc5 27. Rc1 Rf4 28. g3 Rd4 29. Qb4 Qxb4 30. Rxb4 c3 31. Rb6 Rc8 32. Rxb7 c2 33. Be2 Rxd5 34. Bg4 Rd4 35. Bxc8 Rd1+ 36. Kg2 Rxc1 37. Rc7 d5 38. Bxa6 e4 39. Bb7 Kh8 40. a6 d4 1-0

[Event "53rd Hastings it"]
[Site "Hastings ENG"]
[Date "1977.12.28"]
[Round "1"]
[White "Hort, Vlastimil"]
[WhiteTitle "GM"]
[WhiteElo "2620"]
[Black "Fedorowicz, John"]
[BlackElo "2480"]
[Result "1-0"]
[PlyCount "91"]
[EventDate "1977.12.28"]

1. d4 Nf6 2. c4 c5 3. d5 b5 4. cxb5 a6 5. bxa6 Bxa6 6. Nc3 g6 7. Nf3 d6 8. e4 Bxf1 9. Kxf1 Bg7 10. g3 O-O 11. Kg2 Nbd7 12. Re1 Qa5 13. Re2 Rfb8 14. Rc2 Rb7 15. Qe2 Ne8 16. Bd2 Nc7 17. Re1 Qa6 18. Bc1 Qxe2 19. Rexe2 Na6 20. a3 Nc7 21. h3 Kf8 22. g4 Nb6 23. Ng5 h6 24. Nf3 Na4 25. Nxa4 Rxa4 26. Nd2 Nb5 27. Rc4 Ra8 28. Nf3 Nc7 29. Rec2 Kg8 30. b4 cxb4 31. axb4 Nb5 32. Rc8+ Rxc8 33. Rxc8+ Kh7 34. g5 h5 35. Bd2 Nc7 36. Kf1 Bb2 37. Ne1 Bd4 38. Ke2 Nb5 39. Nc2 Bb6 40. f4 Kg7 41. Kd3 Bg1 42. Bc1 Bh2 43. Kc4 Na7 44. Ra8 Bg1 45. Bb2+ f6 46. Bd4 1-0

[Event "53rd Hastings it"]
[Site "Hastings ENG"]
[Date "1977.12.28"]
[Round "1"]
[White "Mestel, Andrew Jonathan"]
[WhiteTitle "IM"]
[WhiteElo "2420"]
[Black "Sax, Gyula"]
[BlackTitle "GM"]
[BlackElo "2565"]
[Result "1/2-1/2"]
[PlyCount "32"]
[EventDate "1977.12.28"]

1. e4 c5 2. Nf3 d6 3. d4 cxd4 4. Nxd4 Nf6 5. Nc3 e6 6. Be2 a6 7. O-O Be7 8. f4 O-O 9. Qe1 b5 10. Bf3 Ra7 11. Be3 Rd7 12. e5 dxe5 13. fxe5 Rxd4 14. exf6 Bxf6 15. Bxd4 Bxd4+ 16. Kh1 f5 1/2-1/2

[Event "53rd Hastings it"]
[Site "Hastings ENG"]
[Date "1977.12.28"]
[Round "1"]
[White "Sveshnikov, Evgeny"]
[WhiteTitle "GM"]
[WhiteElo "2520"]
[Black "Webb, Simon"]
[BlackTitle "IM"]
[BlackElo "2430"]
[Result "0-1"]
[PlyCount "76"]
[EventDate "1977.12.28"]

1. e4 e6 2. d4 d5 3. Nc3 Bb4 4. e5 c5 5. a3 Bxc3+ 6. bxc3 Ne7 7. Qg4 Qc7 8. Qxg7 Rg8 9. Qxh7 cxd4 10. Ne2 Nbc6 11. f4 Bd7 12. Qd3 dxc3 13. Ng3 O-O-O 14. Be2 Nf5 15. Nxf5 exf5 16. O-O d4 17. Bf3 Be6 18. Rb1 Ba2 19. Ra1 Be6 20. Re1 Qb6 21. h3 Qc5 22. Kh2 Qc4 23. Qxc4 Bxc4 24. g4 d3 25. cxd3 Nd4 26. Re3 Bd5 27. Bxd5 Rxd5 28. Rg3 fxg4 29. hxg4 Rh8+ 30. Kg2 Rb5 31. a4 Rb3 32. Ra3 Rb2+ 33. Kf1 Nb3 34. Bxb2 Nd2+ 35. Ke2 Rh2+ 36. Ke3 Nf1+ 37. Kf3 cxb2 38. Rb3 Nd2+ 0-1

[Event "53rd Hastings it"]
[Site "Hastings ENG"]
[Date "1977.12.29"]
[Round "2"]
[White "Dzhindzhikhashvili, Roman"]
[WhiteTitle "GM"]
[WhiteElo "2535"]
[Black "Mestel, Andrew Jonathan"]
[BlackTitle "IM"]
[BlackElo "2420"]
[Result "1/2-1/2"]
[PlyCount "82"]
[EventDate "1977.12.28"]

1. d4 g6 2. c4 Bg7 3. Nc3 d6 4. Nf3 Nf6 5. Bf4 Nh5 6. Bg5 h6 7. Be3 f5 8. g3 O-O 9. Bg2 e5 10. dxe5 dxe5 11. Nh4 Qf6 12. Nd5 Qf7 13. Nxg6 Re8 14. Nh4 c6 15. Nc3 Be6 16. Qc2 Na6 17. O-O-O Nb4 18. Qb1 a5 19. Rd6 e4 20. g4 Bxc4 21. Nxf5 Nxa2+ 22. Nxa2 Bxa2 23. Qc2 Bb3 24. Qc5 b6 25. Qc3 Bxc3 26. Nxh6+ Kf8 27. Nxf7 Bb4 28. gxh5 Bxf7 29. Rf6 a4 30. Bh6+ Ke7 31. Rf4 a3 32. Rxe4+ Kd6 33. Bf4+ Kc5 34. bxa3 Bxa3+ 35. Kb1 Bxh5 36. Be3+ Kb5 37. Rxe8 Rxe8 38. Kc2 Bc5 39. Rb1+ Kc4 40. Bxc6 Bg6+ 41. Kb2 Bd4+ 1/2-1/2

[Event "53rd Hastings it"]
[Site "Hastings ENG"]
[Date "1977.12.29"]
[Round "2"]
[White "Petrosian, Tigran"]
[WhiteTitle "GM"]
[WhiteElo "2645"]
[Black "Sveshnikov, Evgeny"]
[BlackTitle "GM"]
[BlackElo "2520"]
[Result "1/2-1/2"]
[PlyCount "71"]
[EventDate "1977.12.28"]

1. c4 e6 2. Nf3 d5 3. b3 Nf6 4. Bb2 Bd6 5. g3 b6 6. Bg2 Bb7 7. O-O O-O 8. Nc3 a6 9. Rc1 Nbd7 10. Qc2 Qe7 11. cxd5 exd5 12. e3 Rfe8 13. Rfe1 Ne5 14. Nxe5 Bxe5 15. Ne2 Bxb2 16. Qxb2 a5 17. a3 c5 18. d4 Ne4 19. Nf4 Qf6 20. Rc2 cxd4 21. Qxd4 Qxd4 22. exd4 Nf6 23. Rec1 g5 24. Nd3 Rac8 25. Rc7 Ba6 26. Ne5 Rxc7 27. Rxc7 Rc8 28. Rxc8+ Bxc8 29. Kf1 Be6 30. Ke2 Ne8 31. Nf3 f6 32. Nd2 Kf7 33. Nb1 Ke7 34. Nc3 Kd6 35. Kd2 Ng7 36. Nd1 1/2-1/2

[Event "53rd Hastings it"]
[Site "Hastings ENG"]
[Date "1977.12.29"]
[Round "2"]
[White "Webb, Simon"]
[WhiteTitle "IM"]
[WhiteElo "2430"]
[Black "Botterill, George Steven"]
[BlackElo "2440"]
[Result "1-0"]
[PlyCount "79"]
[EventDate "1977.12.28"]

1. Nf3 g6 2. d4 Bg7 3. c4 Nf6 4. g3 O-O 5. Bg2 d6 6. Nc3 Nc6 7. d5 Na5 8. b3 c5 9. Bb2 Rb8 10. O-O a6 11. Nd2 b5 12. Qc2 e5 13. Rab1 Ng4 14. Ba1 b4 15. Nd1 f5 16. f3 Nf6 17. f4 exf4 18. gxf4 Rb7 19. Nf2 Rbf7 20. Nf3 Re7 21. Ng5 h6 22. Ne6 Bxe6 23. dxe6 Rxe6 24. e4 Qe8 25. e5 dxe5 26. fxe5 Nd7 27. Bd5 Kh7 28. Nd3 Re7 29. e6 Rxe6 30. Rbe1 Re3 31. Bxg7 Kxg7 32. Qf2 Re7 33. Kh1 Rf6 34. Nf4 Kh7 35. Rxe7+ Qxe7 36. Re1 Qd6 37. Nxg6 Rxg6 38. Qxf5 Nf6 39. Rg1 Nxd5 40. Qf7+ 1-0

[Event "53rd Hastings it"]
[Site "Hastings ENG"]
[Date "1977.12.30"]
[Round "3"]
[White "Botterill, George Steven"]
[WhiteElo "2440"]
[Black "Petrosian, Tigran"]
[BlackTitle "GM"]
[BlackElo "2645"]
[Result "0-1"]
[PlyCount "69"]
[EventDate "1977.12.28"]

1. d4 e6 2. c4 Nf6 3. Nc3 Bb4 4. e3 O-O 5. Nge2 d5 6. a3 Be7 7. Nf4 a5 8. b3 c6 9. Be2 Nbd7 10. cxd5 Nxd5 11. Ncxd5 exd5 12. O-O Bd6 13. Nd3 Qh4 14. g3 Qe7 15. Bb2 Re8 16. Re1 Nf6 17. Bf1 Bf5 18. Bg2 Qc7 19. Rc1 Re7 20. f3 Rae8 21. Qd2 h5 22. Ne5 Qb6 23. Kh1 Qxb3 24. e4 Bh7 25. Bc3 dxe4 26. fxe4 Bxe5 27. dxe5 Ng4 28. Bxa5 Nxe5 29. Bb4 Rd7 30. Qg5 Bg6 31. Rc3 Qa2 32. Rce3 Nd3 33. Rxd3 Rxd3 34. e5 Qb3 35. Qc1 0-1

[Event "53rd Hastings it"]
[Site "Hastings ENG"]
[Date "1977.12.30"]
[Round "3"]
[White "Kagan, Shimon"]
[WhiteTitle "IM"]
[WhiteElo "2350"]
[Black "Webb, Simon"]
[BlackTitle "IM"]
[BlackElo "2430"]
[Result "1/2-1/2"]
[PlyCount "129"]
[EventDate "1977.12.28"]

1. e4 e6 2. d3 c5 3. Nf3 Nc6 4. g3 g6 5. d4 cxd4 6. Nxd4 d5 7. Bb5 Bd7 8. exd5 Nxd4 9. Qxd4 Bxb5 10. Nc3 Qf6 11. Nxb5 Qxd4 12. Nxd4 O-O-O 13. Be3 Rxd5 14. c4 Rd7 15. O-O-O a6 16. Nxe6 Bh6 17. Rxd7 Bxe3+ 18. fxe3 Kxd7 19. Nc5+ Kc6 20. Nd3 Nh6 21. Rf1 f5 22. h3 Re8 23. Kd2 Nf7 24. g4 Nd6 25. b3 Ne4+ 26. Kc2 fxg4 27. hxg4 h5 28. gxh5 gxh5 29. Rf5 Ng3 30. Rf6+ Kc7 31. Nf4 h4 32. Rh6 Nf5 33. Rh5 Nxe3+ 34. Kd3 Ng4 35. Rxh4 Ne5+ 36. Kc3 Kb8 37. Rh7 Nc6 38. Nd5 Rf8 39. c5 Rf5 40. Rd7 Rf3+ 41. Kd2 Rf2+ 42. Kc3 Rxa2 43. Rh7 Ra5 44. b4 Ra3+ 45. Kb2 Rd3 46. Nb6 Rd8 47. Kc3 Rg8 48. Rh4 Rg3+ 49. Kb2 Rg8 50. Kb3 Rg3+ 51. Ka4 Rd3 52. Rh8+ Rd8 53. Rh7 Rd4 54. Ka3 Rd3+ 55. Kb2 Rd8 56. Kc3 Rg8 57. Rh3 Ka7 58. Nc4 Rg4 59. Nd6 b5 60. cxb6+ Kxb6 61. Nc4+ Kc7 62. Rh7+ Kb8 63. Rh6 Rg3+ 64. Kb2 Kc7 65. Rh7+ 1/2-1/2

[Event "53rd Hastings it"]
[Site "Hastings ENG"]
[Date "1977.12.30"]
[Round "3"]
[White "Tisdall, Jonathan"]
[WhiteElo "2375"]
[Black "Sax, Gyula"]
[BlackTitle "GM"]
[BlackElo "2565"]
[Result "0-1"]
[PlyCount "58"]
[EventDate "1977.12.28"]

1. Nf3 g6 2. d4 Nf6 3. c4 Bg7 4. Nc3 d5 5. cxd5 Nxd5 6. Bd2 O-O 7. Rc1 Nb6 8. e3 Nc6 9. Be2 e5 10. dxe5 Nxe5 11. Nxe5 Bxe5 12. O-O Be6 13. b3 a5 14. Qc2 Qe7 15. Qe4 Bf5 16. Qxb7 Qd6 17. Rfd1 Bxh2+ 18. Kh1 Rfb8 19. Qf3 Be5 20. e4 Bd7 21. Bf4 Qf6 22. Bxe5 Qxe5 23. Nd5 Nxd5 24. Rxd5 Qb2 25. Rxc7 Be6 26. Rd6 Rc8 27. Rdc6 Rxc7 28. Rxc7 Rd8 29. Bc4 Qa1+ 0-1

[Event "53rd Hastings it"]
[Site "Hastings ENG"]
[Date "1977.12.31"]
[Round "4"]
[White "Fedorowicz, John"]
[WhiteElo "2480"]
[Black "Shamkovich, Leonid"]
[BlackTitle "GM"]
[BlackElo "2485"]
[Result "1-0"]
[PlyCount "121"]
[EventDate "1977.12.28"]

1. c4 g6 2. g3 Bg7 3. Bg2 c5 4. Nc3 Nc6 5. Nf3 e6 6. h4 h6 7. b3 Nge7 8. Bb2 b6 9. Qb1 e5 10. Nd5 Rb8 11. h5 d6 12. hxg6 fxg6 13. Nh4 g5 14. Ng6 Bf5 15. Be4 Bxe4 16. Qxe4 Nxg6 17. Qxg6+ Kf8 18. f4 Ne7 19. Nxe7 Qxe7 20. fxe5 dxe5 21. O-O+ Kg8 22. Rf5 Qe8 23. Qxe8+ Rxe8 24. Raf1 Re7 25. e4 Kh7 26. Kf2 Kg6 27. Ke2 g4 28. a3 Rd8 29. d3 a5 30. Bc3 Ra8 31. Rh1 Rh8 32. Rhh5 a4 33. bxa4 Rhe8 34. Rh1 Ra8 35. Rb1 Re6 36. a5 bxa5 37. Rb5 Rc8 38. Rxa5 h5 39. Rb5 Ra6 40. a4 Re6 41. a5 Rcc6 42. Rb1 Rc8 43. Rff1 Bf6 44. Rb6 Rxb6 45. axb6 Rb8 46. Rb1 Rb7 47. Rb5 Bg7 48. Rxc5 Rxb6 49. Rb5 Ra6 50. c5 Bf6 51. Rb6 Ra2+ 52. Bb2 Kf7 53. Kf1 Ke7 54. Bc3 Rc2 55. Bb4 Bg5 56. c6+ Kd8 57. d4 exd4 58. Ba5 Ke8 59. Rb8+ Kf7 60. c7 Rc1+ 61. Ke2 1-0

[Event "53rd Hastings it"]
[Site "Hastings ENG"]
[Date "1977.12.31"]
[Round "4"]
[White "Petrosian, Tigran"]
[WhiteTitle "GM"]
[WhiteElo "2645"]
[Black "Kagan, Shimon"]
[BlackTitle "IM"]
[BlackElo "2350"]
[Result "1/2-1/2"]
[PlyCount "114"]
[EventDate "1977.12.28"]

1. d4 g6 2. c4 Bg7 3. Nf3 d6 4. g3 c6 5. Bg2 Bg4 6. Nc3 Qb6 7. e3 Nf6 8. O-O O-O 9. h3 Bxf3 10. Bxf3 e5 11. d5 c5 12. e4 Nbd7 13. h4 a6 14. a4 Qd8 15. Bg5 h6 16. Bd2 Rb8 17. Kg2 h5 18. a5 Kh7 19. Bg5 Qc8 20. Rh1 Rh8 21. Qd2 b5 22. axb6 Rxb6 23. Bd1 Qb7 24. b3 Rb8 25. Ra3 Qc8 26. Re1 Ng8 27. Na4 Rb4 28. Nb2 Bh6 29. Nd3 R4b6 30. Rh1 f6 31. Be3 Bxe3 32. Qxe3 Nh6 33. f3 f5 34. Nf2 Nf6 35. Nh3 fxe4 36. Ng5+ Kh8 37. Nxe4 Nfg8 38. Qg5 Qf5 39. Bc2 Qxg5 40. Nxg5 Nf5 41. Kf2 Nge7 42. Ne6 R8b7 43. g4 hxg4 44. fxg4 Nd4 45. Nxd4 cxd4 46. Rha1 Ra7 47. Ra5 Kg7 48. Re1 Ng8 49. Kg3 Nf6 50. c5 dxc5 51. Rxe5 d3 52. Bd1 Rb4 53. d6 Ne4+ 54. Kg2 Nxd6 55. Raxc5 Ne4 56. Rc6 Rf7 57. h5 g5 1/2-1/2

[Event "53rd Hastings it"]
[Site "Hastings ENG"]
[Date "1977.12.31"]
[Round "4"]
[White "Sax, Gyula"]
[WhiteTitle "GM"]
[WhiteElo "2565"]
[Black "Sveshnikov, Evgeny"]
[BlackTitle "GM"]
[BlackElo "2520"]
[Result "1-0"]
[PlyCount "53"]
[EventDate "1977.12.28"]

1. e4 c5 2. Nf3 Nc6 3. Bb5 Nf6 4. Nc3 Nd4 5. e5 Nxb5 6. Nxb5 Nd5 7. O-O a6 8. c4 Nb6 9. Nc3 d5 10. d4 e6 11. Bg5 Qd7 12. cxd5 Nxd5 13. Nxd5 Qxd5 14. dxc5 Bxc5 15. Qc2 O-O 16. Rfd1 Qc6 17. Rac1 Ba7 18. Qd2 Qb5 19. Bf6 h6 20. Qf4 Qxb2 21. Qg4 Qxf2+ 22. Kh1 g6 23. Qb4 Bb6 24. Rd2 Qe3 25. Rc3 a5 26. Qxf8+ Kxf8 27. Rxe3 1-0

[Event "53rd Hastings it"]
[Site "Hastings ENG"]
[Date "1977.12.31"]
[Round "4"]
[White "Tarjan, James Edward"]
[WhiteTitle "GM"]
[WhiteElo "2495"]
[Black "Mestel, Andrew Jonathan"]
[BlackTitle "IM"]
[BlackElo "2420"]
[Result "1-0"]
[PlyCount "133"]
[EventDate "1977.12.28"]

1. d4 g6 2. e4 d6 3. c4 e5 4. Nc3 Bg7 5. dxe5 dxe5 6. Qxd8+ Kxd8 7. f4 Be6 8. Nf3 Nd7 9. Be2 h6 10. O-O Ne7 11. Nd5 Re8 12. Nxe5 Nxe5 13. fxe5 Bxe5 14. Bxh6 Bxb2 15. Rad1 Kc8 16. Bf4 Nxd5 17. cxd5 Bd7 18. Bd3 b5 19. Bg5 Rf8 20. Be7 Kb7 21. Rb1 Bd4+ 22. Kh1 Kb6 23. Bxf8 Rxf8 24. g3 a6 25. Kg2 c5 26. dxc6 Bxc6 27. h4 f6 28. g4 Rh8 29. Rh1 f5 30. gxf5 gxf5 31. Rbe1 Rg8+ 32. Kf3 Rf8 33. Kg2 fxe4 34. Bxe4 Rf2+ 35. Kg3 Rxa2 36. Rhf1 Bd7 37. h5 Be5+ 38. Kh4 Be8 39. Bf3 Bf6+ 40. Kg3 Bf7 41. Bd5 Ra3+ 42. Kh2 Bxd5 43. Rxf6+ Ka5 44. h6 Rc3 45. Ra1+ Kb4 46. Rf4+ Kb3 47. h7 Rc8 48. Rxa6 Rh8 49. Rh4 Kc3 50. Ra3+ Kb2 51. Ra7 Bc4 52. Kg1 Bd3 53. Kf2 Kc3 54. Rh3 Kc2 55. Rc7+ Bc4 56. Ke3 Kc3 57. Rb7 Be6 58. Rh5 Bc4 59. Rc7 Kb4 60. Rh4 Ka5 61. Kd4 Kb6 62. Re7 Ka5 63. Kc3 Bf1 64. Rh6 Rc8+ 65. Kb3 Bc4+ 66. Kb2 Rh8 67. Kc3 1-0

[Event "53rd Hastings it"]
[Site "Hastings ENG"]
[Date "1978.01.02"]
[Round "5"]
[White "Botterill, George Steven"]
[WhiteElo "2440"]
[Black "Sax, Gyula"]
[BlackTitle "GM"]
[BlackElo "2565"]
[Result "0-1"]
[PlyCount "64"]
[EventDate "1977.12.28"]

1. e4 c5 2. Nf3 e6 3. c3 d5 4. exd5 Qxd5 5. d4 Nf6 6. Be2 Be7 7. Be3 Ng4 8. Bf4 O-O 9. O-O Nc6 10. h3 Nf6 11. Be3 Rd8 12. dxc5 Qf5 13. Nd4 Qxc5 14. Qb3 Qa5 15. Nd2 e5 16. Nxc6 bxc6 17. Nc4 Qc7 18. Qa4 Nd5 19. Rad1 Be6 20. Bc1 a5 21. Rfe1 e4 22. Ne3 f5 23. Bc4 Kh8 24. Bxd5 cxd5 25. Nc2 f4 26. Nd4 Bf7 27. Qc2 Ra6 28. f3 Bh4 29. Re2 e3 30. Qf5 Rf6 31. Qg4 g5 32. Nb5 Qb6 0-1

[Event "53rd Hastings it"]
[Site "Hastings ENG"]
[Date "1978.01.02"]
[Round "5"]
[White "Mestel, Andrew Jonathan"]
[WhiteTitle "IM"]
[WhiteElo "2420"]
[Black "Hort, Vlastimil"]
[BlackTitle "GM"]
[BlackElo "2620"]
[Result "1/2-1/2"]
[PlyCount "38"]
[EventDate "1977.12.28"]

1. e4 e5 2. Nf3 Nc6 3. Bc4 Bc5 4. c3 Nf6 5. d4 exd4 6. cxd4 Bb4+ 7. Bd2 Bxd2+ 8. Nbxd2 d5 9. exd5 Nxd5 10. Qb3 Nce7 11. O-O O-O 12. Rfe1 c6 13. a4 a5 14. Ne4 Qb6 15. Nc3 Qxb3 16. Bxb3 h6 17. Nxd5 Nxd5 18. Bxd5 cxd5 19. Re7 Ra6 1/2-1/2

[Event "53rd Hastings it"]
[Site "Hastings ENG"]
[Date "1978.01.02"]
[Round "5"]
[White "Shamkovich, Leonid"]
[WhiteTitle "GM"]
[WhiteElo "2485"]
[Black "Tarjan, James Edward"]
[BlackTitle "GM"]
[BlackElo "2495"]
[Result "1-0"]
[PlyCount "125"]
[EventDate "1977.12.28"]

1. e4 e5 2. Nf3 Nc6 3. Bb5 a6 4. Ba4 Nf6 5. O-O Nxe4 6. d4 b5 7. Bb3 d5 8. dxe5 Be6 9. c3 Be7 10. Bc2 O-O 11. Qe2 Qd7 12. Nd4 f5 13. f3 Nc5 14. Be3 f4 15. Bf2 Bf7 16. Re1 Ne6 17. Nd2 Ncxd4 18. cxd4 Bg6 19. Rec1 Bxc2 20. Rxc2 a5 21. Rac1 Ra6 22. Qd3 a4 23. Nb1 Rb6 24. b3 g6 25. Nc3 axb3 26. axb3 Ra8 27. Ne2 Rba6 28. Qd2 g5 29. Qd3 Ra1 30. h4 Rxc1+ 31. Rxc1 gxh4 32. Qf5 Bg5 33. Qg4 Kh8 34. Bxh4 Rg8 35. Bxg5 Rxg5 36. Qh3 Qe8 37. Ra1 Qc6 38. Qh4 Rf5 39. Qe7 Rf8 40. Kf2 Kg8 41. Qb4 Qb6 42. Rc1 Ra8 43. Qd2 Rf8 44. Qd3 Rf7 45. b4 Rf8 46. Rh1 Rf7 47. Ra1 c6 48. Ra8+ Kg7 49. Re8 Nc7 50. Rd8 Na6 51. Rd6 Qb8 52. Qd2 Qf8 53. Ke1 Nb8 54. g3 Ra7 55. Nxf4 Qf5 56. Kf2 Nd7 57. g4 Qb1 58. Ne2 Nf8 59. Qh6+ Kg8 60. Rd8 Qxb4 61. Qxc6 Ra1 62. Qxd5+ Kg7 63. Qd6 1-0

[Event "53rd Hastings it"]
[Site "Hastings ENG"]
[Date "1978.01.02"]
[Round "5"]
[White "Sveshnikov, Evgeny"]
[WhiteTitle "GM"]
[WhiteElo "2520"]
[Black "Dzhindzhikhashvili, Roman"]
[BlackTitle "GM"]
[BlackElo "2535"]
[Result "1/2-1/2"]
[PlyCount "75"]
[EventDate "1977.12.28"]

1. e4 c6 2. d4 d5 3. exd5 cxd5 4. c4 Nf6 5. Nc3 e6 6. Nf3 Be7 7. cxd5 exd5 8. Bb5+ Bd7 9. Bxd7+ Nbxd7 10. O-O O-O 11. Bg5 Qa5 12. Ne5 Rfe8 13. Qb3 Nxe5 14. dxe5 Ne4 15. Be3 Bf8 16. Nxe4 dxe4 17. Bd4 Bc5 18. Bc3 Qb6 19. Qd5 Bb4 20. Qxe4 Bxc3 21. bxc3 Qc5 22. Rae1 Re7 23. Re3 f6 24. e6 Rae8 25. Rfe1 Rxe6 26. Qxe6+ Rxe6 27. Rxe6 Qxc3 28. h3 h5 29. Re7 b5 30. h4 a5 31. g3 b4 32. Rd1 a4 33. Rb7 Qb2 34. Rd8+ Kh7 35. Rdb8 Qb1+ 36. Kg2 Qe4+ 37. Kg1 Qe1+ 38. Kg2 1/2-1/2

[Event "53rd Hastings it"]
[Site "Hastings ENG"]
[Date "1978.01.03"]
[Round "6"]
[White "Dzhindzhikhashvili, Roman"]
[WhiteTitle "GM"]
[WhiteElo "2535"]
[Black "Botterill, George Steven"]
[BlackElo "2440"]
[Result "1-0"]
[PlyCount "51"]
[EventDate "1977.12.28"]

1. d4 Nf6 2. c4 e6 3. Nf3 c5 4. d5 b5 5. Bg5 exd5 6. cxd5 d6 7. e4 a6 8. a4 bxa4 9. Nc3 Be7 10. Bc4 Bg4 11. Qxa4+ Nbd7 12. e5 Nh5 13. e6 Ra7 14. Be3 O-O 15. exd7 Bxf3 16. gxf3 f5 17. Bb5 Bf6 18. Bc6 Qe7 19. O-O-O Rb8 20. Rhe1 Be5 21. f4 Nxf4 22. Qxf4 Qf6 23. Qg5 Bxc3 24. Qxf6 Bxf6 25. Bxc5 Rxd7 26. Bxd7 1-0

[Event "53rd Hastings it"]
[Site "Hastings ENG"]
[Date "1978.01.03"]
[Round "6"]
[White "Fedorowicz, John"]
[WhiteElo "2480"]
[Black "Sveshnikov, Evgeny"]
[BlackTitle "GM"]
[BlackElo "2520"]
[Result "1/2-1/2"]
[PlyCount "78"]
[EventDate "1977.12.28"]

1. c4 e6 2. Nc3 d5 3. cxd5 exd5 4. d4 c6 5. Bf4 Nf6 6. e3 Bf5 7. Nf3 Qb6 8. Qb3 Qxb3 9. axb3 Nbd7 10. Be2 Be7 11. O-O h6 12. Rfc1 O-O 13. Nd2 Rfe8 14. h3 Bb4 15. g4 Bh7 16. h4 Nf8 17. Bg3 Ne6 18. Bd1 Bd3 19. f4 c5 20. g5 cxd4 21. gxf6 dxc3 22. bxc3 Bc5 23. Bf2 Nc7 24. Nf3 Bxe3 25. Bxe3 Rxe3 26. Kf2 Re4 27. fxg7 Kxg7 28. Nd2 Re7 29. Bf3 Ne6 30. Re1 Rd7 31. Re5 Nxf4 32. Kg3 Ng6 33. Rxd5 Rxd5 34. Bxd5 f5 35. Bxb7 f4+ 36. Kf2 Re8 37. Bf3 Nxh4 38. Rxa7+ Kf6 39. Ra4 Kg5 1/2-1/2

[Event "53rd Hastings it"]
[Site "Hastings ENG"]
[Date "1978.01.03"]
[Round "6"]
[White "Sax, Gyula"]
[WhiteTitle "GM"]
[WhiteElo "2565"]
[Black "Kagan, Shimon"]
[BlackTitle "IM"]
[BlackElo "2350"]
[Result "1-0"]
[PlyCount "118"]
[EventDate "1977.12.28"]

1. e4 c5 2. Nf3 Nc6 3. c3 Nf6 4. e5 Nd5 5. d4 cxd4 6. cxd4 d6 7. Bc4 e6 8. O-O Be7 9. Qe2 O-O 10. Nc3 dxe5 11. dxe5 Nxc3 12. bxc3 b6 13. Qe4 Qc7 14. Bg5 Bb7 15. Bd3 g6 16. Qh4 Rfe8 17. Rae1 Bf8 18. Re3 Ne7 19. Nd4 Nf5 20. Bxf5 exf5 21. Nxf5 Rxe5 22. Qg3 Rc5 23. Bf4 Qd7 24. Nh6+ Bxh6 25. Bxh6 Rh5 26. Bf4 Rd5 27. Rfe1 h5 28. Be5 Rd1 29. Bd4 Rxe1+ 30. Rxe1 Qg4 31. Qxg4 hxg4 32. Re7 Bd5 33. a3 a5 34. Rd7 Re8 35. h3 Be6 36. Ra7 gxh3 37. Bxb6 hxg2 38. Kxg2 Bd5+ 39. Kg3 f5 40. Rxa5 Bf7 41. Be3 Rc8 42. Bd4 Re8 43. Kf4 Bc4 44. Ra7 Re6 45. Kg5 Kf8 46. Rc7 Bd3 47. f4 Ra6 48. Bf6 Be4 49. Kxg6 Ke8 50. Kg7 Re6 51. a4 Bc6 52. a5 Bd7 53. Rb7 Bc8 54. Rb5 Rc6 55. Rd5 Bd7 56. c4 Ra6 57. Bh4 Rc6 58. c5 Ra6 59. Rd6 Rxd6 1-0

[Event "53rd Hastings it"]
[Site "Hastings ENG"]
[Date "1978.01.04"]
[Round "7"]
[White "Botterill, George Steven"]
[WhiteElo "2440"]
[Black "Fedorowicz, John"]
[BlackElo "2480"]
[Result "1-0"]
[PlyCount "81"]
[EventDate "1977.12.28"]

1. d4 Nf6 2. c4 c5 3. d5 e6 4. Nc3 exd5 5. cxd5 d6 6. e4 g6 7. Nf3 Bg7 8. Bg5 h6 9. Bh4 a6 10. Nd2 b5 11. a4 b4 12. Ncb1 Qe7 13. Bd3 g5 14. Bg3 Nxd5 15. Nc4 Nf4 16. Bxf4 gxf4 17. Nb6 Bb7 18. Nxa8 Bxa8 19. O-O Bxb2 20. Ra2 Bd4 21. Nd2 Rg8 22. Qf3 Qf6 23. Kh1 Kf8 24. Bc4 Bc6 25. a5 Bd7 26. Qe2 Qg5 27. Rg1 Bc3 28. Nf3 Qg6 29. Bxa6 b3 30. Ra3 d5 31. Bb7 b2 32. Nh4 Qf6 33. a6 Be5 34. Nf3 Qg7 35. Rb3 Nxa6 36. Bxa6 c4 37. Nxe5 cxb3 38. Nxd7+ Ke7 39. exd5+ Kxd7 40. Qb5+ Ke7 41. Qb4+ 1-0

[Event "53rd Hastings it"]
[Site "Hastings ENG"]
[Date "1978.01.04"]
[Round "7"]
[White "Kagan, Shimon"]
[WhiteTitle "IM"]
[WhiteElo "2350"]
[Black "Dzhindzhikhashvili, Roman"]
[BlackTitle "GM"]
[BlackElo "2535"]
[Result "0-1"]
[PlyCount "79"]
[EventDate "1977.12.28"]

1. e4 c5 2. Nf3 Nc6 3. d4 cxd4 4. Nxd4 Nf6 5. Nc3 d6 6. h3 e5 7. Nde2 Be7 8. g4 Be6 9. Bg2 a6 10. Be3 b5 11. Qd2 Rc8 12. a4 bxa4 13. Rxa4 a5 14. Nd5 Nd7 15. Nec3 Nc5 16. Ra3 O-O 17. O-O Rb8 18. b3 h6 19. Rd1 Bxd5 20. Nxd5 Bg5 21. f4 exf4 22. Nxf4 Ne6 23. Kh1 Nxf4 24. Bxf4 Bxf4 25. Qxf4 Qe7 26. Ra4 Rfd8 27. Rd5 Rbc8 28. Qd2 Kh7 29. Rc4 f6 30. Qc3 Qd7 31. Qd2 Qe6 32. Qf4 Kh8 33. Qd2 Kh7 34. Qf4 Ne5 35. Rxc8 Rxc8 36. Qd2 Rc5 37. c4 a4 38. Rxc5 dxc5 39. bxa4 Qxc4 40. a5 0-1

[Event "53rd Hastings it"]
[Site "Hastings ENG"]
[Date "1978.01.04"]
[Round "7"]
[White "Sveshnikov, Evgeny"]
[WhiteTitle "GM"]
[WhiteElo "2520"]
[Black "Tarjan, James Edward"]
[BlackTitle "GM"]
[BlackElo "2495"]
[Result "1/2-1/2"]
[PlyCount "80"]
[EventDate "1977.12.28"]

1. e4 e5 2. Nf3 Nc6 3. d4 exd4 4. Nxd4 Nf6 5. Nxc6 bxc6 6. e5 Qe7 7. Qe2 Nd5 8. c4 Ba6 9. Qe4 Nf6 10. Qe2 Nd5 11. Nd2 f6 12. exf6 Nxf6 13. b3 c5 14. Bb2 Bb7 15. f3 Kf7 16. O-O-O Qxe2 17. Bxe2 Bd6 18. g3 Rae8 19. Rhe1 Re7 20. Bd3 Rhe8 21. Rxe7+ Bxe7 22. Re1 g6 23. Kd1 d6 24. Ke2 Ng4 25. Kf1 Nf6 26. Kf2 c6 27. f4 Bc8 28. Nf3 Ng4+ 29. Kg2 Nh6 30. h3 Bf5 31. Be2 Ng8 32. g4 Bd7 33. Bd3 Bf6 34. Rxe8 Kxe8 35. Bxf6 Nxf6 36. Kg3 Kf7 37. Ng5+ Kg7 38. f5 h6 39. Nf3 gxf5 40. gxf5 Nh5+ 1/2-1/2

[Event "53rd Hastings it"]
[Site "Hastings ENG"]
[Date "1978.01.04"]
[Round "7"]
[White "Webb, Simon"]
[WhiteTitle "IM"]
[WhiteElo "2430"]
[Black "Sax, Gyula"]
[BlackTitle "GM"]
[BlackElo "2565"]
[Result "0-1"]
[PlyCount "84"]
[EventDate "1977.12.28"]

1. d4 Nf6 2. c4 g6 3. g3 Bg7 4. Bg2 O-O 5. Nf3 d6 6. Nc3 Nc6 7. O-O a6 8. d5 Na5 9. Nd2 c5 10. Qc2 Rb8 11. b3 b5 12. Bb2 e5 13. dxe6 fxe6 14. cxb5 axb5 15. Nce4 Nxe4 16. Bxg7 Nxd2 17. Bxf8 Nxf1 18. Bh6 Nxh2 19. Kxh2 Bb7 20. Qc3 Qc7 21. Rd1 Bxg2 22. Kxg2 Nb7 23. a4 b4 24. Qc4 Qc6+ 25. f3 Re8 26. Qh4 Qd7 27. Bf4 e5 28. Bh6 e4 29. fxe4 Qe7 30. Qxe7 Rxe7 31. Rf1 Re8 32. Rf6 c4 33. e5 cxb3 34. e6 Nc5 35. e7 Nd7 36. Rf4 Rxe7 37. Rxb4 Nc5 38. a5 Rxe2+ 39. Kf3 Ra2 40. Bf4 b2 41. Ke3 g5 42. Rb8+ Kf7 0-1